000 00344nam a2200121Ia 4500
008 200103s9999||||xx |||||||||||||| ||und||
040 _aIMU-MPC
082 _aColumn-8
100 _aHMSO
245 0 _aMediacal Research Council Special Report Series No. 291: The Hazards to Men in Ships Lost at sea, 1940-44
260 _bHMSO
_c1944
942 _cBK
999 _c3996
_d3996